| 000 | 00773 a2200193 4500 | ||
|---|---|---|---|
| 999 |
_c3759 _d3759 |
||
| 020 | _a9781446295953 | ||
| 020 | _a9781446295960 (pbk.) | ||
| 050 | 0 | 0 | _aLB1585.5.G7 |
| 245 | 1 | 0 |
_aPrimary science : _bteaching theory and practice / _cJohn Sharp [et...al] |
| 250 | _aSeventh edition. | ||
| 264 | 1 |
_aLos Angeles : _bSage/Learning Matters, _c[2014] |
|
| 300 |
_avi, 151 pages : _billustrations . |
||
| 500 | _aIncludes bibliographical references and index | ||
| 504 | _aIncludes bibliographical references and index. | ||
| 650 | 0 |
_aScience _xStudy and teaching (Elementary) |
|
| 700 | 1 |
_aSharp, John[et ...al] _d1960- _eeditor. |
|
| 942 |
_2lcc _cBK _h1585.5 _iPRI _kLB |
||